Szczegóły MARC21

Status cudzoziemca w prawie międzynarodowym publicznym : implikacje w prawie Unii Europejskiej i polskim porządku prawnym /

003 -Nazwa inst., której nr kontr. jest w polu 001 [,]
    • @
    • Nazwa instytucji, której n kontrolny jest w polu 001
    • NUKAT
005 -DATA I CZAS OSTATNIEJ MODYFIKACJI [,]
    • @
    • pole kontrolne
    • 20241231100148.0
020 -Międzynarod. znormalizowany nr książki - ISBN [ , ]
    • a
    • Numer ISBN
    • 9788362383429 Find
040 -Instytucja sporządzająca opis [ , ]
    • a
    • Instytucja, która sporządziła opis (NP)
    • TOR U/MS
    • c
    • Instytucja, która sporządziła rekord (NP)
    • TOR U/MS
    • d
    • Instytucja, która zmodyfikowała rekord (P)
    • TOR U/MS
    • d
    • Instytucja, która zmodyfikowała rekord (P)
    • BSTOK U/EWs
    • d
    • Instytucja, która zmodyfikowała rekord (P)
    • KAT U/MB
    • d
    • Instytucja, która zmodyfikowała rekord (P)
    • OLSZT 003/BK
041 -Język dokumentu [0, ]
    • a
    • Język tekstu (P)
    • polski
    • b
    • Język streszczeń lub abstraktu (P)
    • eng
942 -Rodzaj dokumentu [ , ]
    • c
    • Rodzaj dokumentu
    • Książka
245 -Strefa tytułu i oznaczenia odpowiedzialności [0,0]
    • a
    • Tytuł
    • Status cudzoziemca w prawie międzynarodowym publicznym : Find
    • b
    • Ciąg dalszy tytułu (NP)
    • implikacje w prawie Unii Europejskiej i polskim porządku prawnym / Find
    • c
    • Pozostałe elementy strefy tytułu i oznaczenia odpowiedzialności (NP)
    • pod red. Olgi Łachacz i Jana Galstera.
260 -Strefa adresu wydawniczego [ , ]
    • a
    • Miejsce wydania (P)
    • Olsztyn :
    • b
    • Nazwa wydawcy (P)
    • Katedra Prawa Międzynarodowego Publicznego. Wydział Prawa i Administracji Uniwersytetu Warmińsko-Mazurskiego,
    • c
    • Data wydania (P)
    • 2013.
300 -Strefa opisu fizycznego [ , ]
    • a
    • Określenie formy książki i/lub objętość (NP)
    • 466 s. :
    • b
    • Oznaczenie ilustracji (NP)
    • il. ;
    • c
    • Format (NP)
    • 24 cm.
336 -Typ zawartości [ , ]
    • a
    • Termin opisujący typ zawartości
    • Tekst
    • b
    • Kod określający zawartość
    • txt
    • 2
    • Źródło (terminu i kodu)
    • rdacontent
337 -Typ mediów [ , ]
    • a
    • Tryb odtwarzania
    • Bez urządzenia pośredniczącego
    • b
    • Kod typu mediów
    • n
    • 2
    • Źródło (terminu i kodu)
    • rdamedia
338 -Typ/rodzaj nośnika [ , ]
    • a
    • Hasło opisujące typ nośnika
    • Wolumin
    • b
    • Kod typu nośnika
    • nc
    • 2
    • Źródło (terminu i kodu)
    • rdacarrier
500 -Uwaga ogólna [ , ]
    • a
    • Uwaga ogólna (NP)
    • Materiały z konferencji naukowej.
504 -Uwaga dot. bibliogr. załącznikowej [ , ]
    • a
    • Uwaga dot. bibliografii załącznikowej
    • Bibliogr. s. 450-466.
546 -Uwaga dot. języka [ , ]
    • a
    • Uwaga dot. języka
    • Streszcz. ang. przy ref.
650 -Hasło przedmiotowe [ ,7]
    • a
    • Hasło przedmiotowe
    • Cudzoziemcy (prawo)
    • z
    • Określnik geograficzny
    • Polska
    • y
    • Określnik chronologiczny
    • 1990-
    • v
    • Określnik formalny
    • konferencje.
    • 2
    • Źródło terminu
    • kaba
    • 9
    • KHW
    • 355405
650 -Hasło przedmiotowe [ ,7]
    • a
    • Hasło przedmiotowe
    • Emigracja i imigracja
    • x
    • Określnik rzeczowy
    • prawo europejskie
    • v
    • Określnik formalny
    • konferencje.
    • 2
    • Źródło terminu
    • kaba
    • 9
    • KHW
    • 355406
700 -Hasło dodatkowe - nazwa osobowa [1, ]
    • a
    • Nazwa osobowa (NP)
    • Łachacz, Olga. Find
    • e
    • Określenie rodzaju współpracy
    • Red.
    • 9
    • KHW
    • 344027
700 -Hasło dodatkowe - nazwa osobowa [1, ]
    • a
    • Nazwa osobowa (NP)
    • Galster, Jan Find
    • d
    • Daty biograficzne (NP)
    • (1954-2020).
    • e
    • Określenie rodzaju współpracy
    • Red.
    • 9
    • KHW
    • 11875
710 -Hasło dodatkowe - nazwa ciała zbiorowego [2, ]
    • a
    • Nazwa ciała zbiorowego lub nazwa geograficzna jako pierwszy element (NP)
    • Uniwersytet Warmińsko-Mazurski (Olsztyn).
    • b
    • Nazwa jednostki podrzędnej (P)
    • Wydział Prawa i Administracji.
    • 4
    • Kod relacji
    • pbl
    • 9
    • KHW
    • 261139
920 -ISBN [ , ]
    • a
    • ISBN
    • 978-83-62383-42-9 Find
Numer inwentarzowy Status udost. Lokalizacja Data inwentaryzacji Sygnatura
Z.1195781BG2015-01-27 
SA.232841BSA2015-04-23SA.23284